[Event "SVK-chT2B 2324"]
[White "Trnka, Stefan"]
[Black "Kutny, Marian"]
[Site "Slovakia"]
[Round "2.5"]
[Result "0-1"]
[Date "2023.10.08"]
[WhiteElo "1712"]
[BlackElo "1959"]
[PlyCount "92"]
[EventDate "2023.10.07"]
[EventType "team-tourn"]
[EventRounds "11"]
[EventCountry "SVK"]
[SourceTitle "EXT 2025"]
[Source "ChessBase"]
[SourceDate "2024.10.14"]
[SourceVersion "1"]
[SourceVersionDate "2024.10.14"]
[SourceQuality "1"]
[WhiteTeam "Nove Zamky"]
[BlackTeam "Dubnica nad Vahom III"]
[WhiteTeamCountry "SVK"]
[BlackTeamCountry "SVK"]

1. d4 d5 2. Bf4 Bf5 3. c4 e6 4. Nc3 Nf6 5. Qb3 b6 6. Nb5 Bd6 7. Bxd6 cxd6 8. cxd5 Nxd5 9. Qa3 0-0 10. Qxd6 a6 11. Qxd8 Rxd8 12. Na3 Nb4 13. Rd1 N8c6 14. e3 Nxa2 15. Bd3 Bxd3 16. Rxd3 e5 17. Ne2 Nab4 18. Rd2 exd4 19. Nxd4 Nxd4 20. exd4 Ra7 21. Ke2 Re7+ 22. Kf3 Red7 23. Rhd1 b5 24. Nb1 Nd5 25. Nc3 Nxc3 26. bxc3 Rc7 27. Rc2 Rdc8 28. Rdc1 Rc4 29. Ke3 b4 30. Kd3 Rxc3+ 31. Rxc3 Rxc3+ 32. Rxc3 bxc3 33. Kxc3 Kf8 34. Kb4 Ke7 35. Kc5 Kd7 36. f4 a5 37. Kb5 Kd6 38. Kxa5 Kd5 39. Kb5 Kxd4 40. Kc6 Ke3 41. g3 Kf2 42. Kd5 Kg2 43. Ke5 Kxh2 44. g4 Kg3 45. Kf5 g6+ 46. Kg5 h6+ 0-1

[Event "Levice Toth Memorial"]
[White "Herko, Lubomir"]
[Black "Trnka, Stefan"]
[Site "Levice"]
[Round "3"]
[Result "0-1"]
[Date "2019.08.02"]
[WhiteElo "1512"]
[BlackElo "1693"]
[PlyCount "72"]
[EventDate "2019.08.01"]
[EventType "swiss"]
[EventRounds "7"]
[EventCountry "SVK"]
[SourceTitle "EXT 2020"]
[Source "ChessBase"]
[SourceDate "2019.10.17"]
[SourceVersion "1"]
[SourceVersionDate "2019.10.17"]
[SourceQuality "1"]

1. c4 Nf6 2. g3 e6 3. Bg2 d5 4. cxd5 exd5 5. e3 c6 6. Nf3 Bd6 7. Nc3 Bf5 8. d4 Nbd7 9. a3 0-0 10. 0-0 Re8 11. Bd2 Nb6 12. a4 Nc4 13. b3 Nxd2 14. Qxd2 h6 15. Nh4 Bh7 16. Bh3 Bb4 17. Bf5 Bxf5 18. Nxf5 Qd7 19. Nh4 Ne4 20. Qc2 Bxc3 21. Ra2 Bb4 22. f3 Nf6 23. Qd3 Re6 24. Re2 b6 25. g4 Rae8 26. Rff2 c5 27. Nf5 cxd4 28. Nxd4 Re5 29. f4 Re4 30. h3 Bc5 31. Nf5 Qe6 32. Rf3 d4 33. b4 Bxb4 34. Nxd4 Qd5 35. Qc2 Rxd4 36. exd4 Qxf3 0-1

[Event "Levice Toth Memorial"]
[White "Mederlyova, Beata"]
[Black "Trnka, Stefan"]
[Site "Levice"]
[Round "1"]
[Result "0-1"]
[Date "2019.08.01"]
[WhiteElo "1206"]
[BlackElo "1693"]
[PlyCount "68"]
[EventDate "2019.08.01"]
[EventType "swiss"]
[EventRounds "7"]
[EventCountry "SVK"]
[SourceTitle "EXT 2020"]
[Source "ChessBase"]
[SourceDate "2019.10.17"]
[SourceVersion "1"]
[SourceVersionDate "2019.10.17"]
[SourceQuality "1"]

1. e4 c5 2. Nf3 d6 3. d4 cxd4 4. Nxd4 Nf6 5. Nc3 a6 6. Bd3 e6 7. Be3 Qc7 8. 0-0 Be7 9. f4 0-0 10. f5 e5 11. Nb3 b5 12. Bg5 Bb7 13. Ne2 d5 14. c3 dxe4 15. Bc2 Rd8 16. Qe1 Nbd7 17. h3 h6 18. Bh4 Qc6 19. Ng3 e3 20. Qe2 a5 21. Rf3 a4 22. Nc1 Bc5 23. Nd3 e4 24. Nxc5 exf3 25. Qxf3 Qxf3 26. gxf3 Nxc5 27. Bxf6 gxf6 28. Re1 Rd2 29. Be4 Bxe4 30. fxe4 e2 31. Nxe2 Nxe4 32. Nf4 Ng5 33. Nh5 Nf3+ 34. Kh1 Rh2# 0-1

[Event "SVK-chT2B 1718"]
[White "Valovic, Stefan"]
[Black "Trnka, Stefan"]
[Site "Slovakia"]
[Round "3.8"]
[Result "1-0"]
[Date "2017.11.25"]
[WhiteElo "1946"]
[BlackElo "1675"]
[PlyCount "77"]
[EventDate "2017.10.28"]
[EventType "team-tourn"]
[EventRounds "11"]
[EventCountry "SVK"]
[SourceTitle "CBM 181 Extra"]
[Source "ChessBase"]
[SourceDate "2017.12.12"]
[SourceVersion "1"]
[SourceVersionDate "2017.12.12"]
[SourceQuality "1"]
[WhiteTeam "Tlmace"]
[BlackTeam "Nove Zamky"]
[WhiteTeamCountry "SVK"]
[BlackTeamCountry "SVK"]

1. d4 d5 2. Bf4 c5 3. e3 e6 4. c3 Nc6 5. Nd2 Nf6 6. Bd3 Be7 7. Ngf3 0-0 8. h4 c4 9. Bc2 b5 10. Ne5 Bb7 11. Ndf3 Nxe5 12. dxe5 Ne4 13. Ng5 g6 14. Qf3 Nxg5 15. hxg5 Kg7 16. 0-0-0 Rh8 17. Qg4 b4 18. Rh6 bxc3 19. bxc3 Qa5 20. Kd2 Rad8 21. Bg3 d4 22. exd4 Bxg2 23. Bf4 Rxd4+ 24. Ke2 Rxd1 25. Bxd1 Bd5 26. Rh3 Qxa2+ 27. Bd2 Qb1 28. Qd4 Qe4+ 29. Be3 Qxd4 30. Bxd4 a5 31. f4 Ra8 32. Ba4 Bd8 33. Ke3 Bc7 34. Rh2 Rh8 35. Bc5 Bd8 36. Rh6 f6 37. exf6+ Bxf6 38. gxf6+ Kxh6 39. f7 1-0